000
00206 a2200109 4500
020
_a
9780140543643
041
_a
spa
100
_a
McDermott, Gerald
245
_a
Flecha al sol
942
_c
BK
952
_7
1
999
_c
25384
_d
25384